[Event "V Memorial Corrado Bitti A"]
[Site "Laconi ITA"]
[Date "2005.08.06"]
[Round "1"]
[White "Maldarelli, Lorenzo"]
[Black "Orzella, Paolo"]
[Result "1-0"]
[WhiteElo "1837"]
[BlackElo "1553"]
[PlyCount "55"]
[EventDate "2005.08.06"]

1.d4 Nf6 2.c4 g6 3.Nc3 d6 4.e4 Bg7 5.Bd3 O-O 6.Nge2 e5 7.d5 Na6 8.h3 Nc5 
9.Bc2 a5 10.Be3 Ncd7 11.Qd2 b6 12.g4 Kh8 13.Ng3 Ne8 14.h4 Nc5 15.f3 Nf6 
16.Bh6 Bxh6 17.Qxh6 Ng8 18.Qe3 Qf6 19.Nce2 Ba6 20.g5 Qd8 21.h5 Bxc4 22.Rh2
Ne7 23.O-O-O Qd7 24.Rdh1 h6 25.hxg6 Kg7 26.gxh6+ Kxg6 27.h7 Kf6 28.Nh5+ 
1-0

[Event "V Memorial Corrado Bitti A"]
[Site "Laconi ITA"]
[Date "2005.08.06"]
[Round "1"]
[White "Mannu, Michele"]
[Black "Altea, Giovanni"]
[Result "1-0"]
[WhiteElo "1933"]
[BlackElo "1685"]
[PlyCount "97"]
[EventDate "2005.08.06"]

1.Nf3 Nf6 2.g3 c6 3.Bg2 e6 4.O-O d5 5.d3 Bd6 6.Nbd2 O-O 7.e4 e5 8.Re1 Bg4 
9.h3 Bxf3 10.Nxf3 Nbd7 11.Nh4 Re8 12.Nf5 Bf8 13.Bg5 Qc7 14.Qf3 d4 15.h4 h5
16.Bh3 c5 17.g4 hxg4 18.Bxg4 Nxg4 19.Qxg4 Re6 20.h5 Nf6 21.Qh4 Nh7 22.Kh1 
Nxg5 23.Qxg5 Qd8 24.Rg1 Qxg5 25.Rxg5 g6 26.Rag1 Kh7 27.hxg6+ fxg6 28.Nh4 
Be7 29.Rxg6 Rxg6 30.Nxg6 Bf6 31.f4 exf4 32.Nxf4 Be5 33.Ne6 b6 34.Rg5 Bf6 
35.Rf5 Be7 36.Rf7+ Kg6 37.Rxe7 Kf6 38.Rh7 Kxe6 39.Kg2 Ke5 40.Kf2 Rf8+ 41.
Ke2 Ra8 42.b3 a6 43.Rh6 Rb8 44.a4 a5 45.Kd2 Rb7 46.c3 Rb8 47.Rh5+ Ke6 48.
cxd4 cxd4 49.Rd5 1-0

[Event "V Memorial Corrado Bitti A"]
[Site "Laconi ITA"]
[Date "2005.08.06"]
[Round "1"]
[White "Pes, Francesco"]
[Black "Loi, Francesco"]
[Result "1-0"]
[WhiteElo "1763"]
[BlackElo "1408"]
[PlyCount "107"]
[EventDate "2005.08.06"]

1.d4 d5 2.c4 c6 3.Nf3 Nf6 4.Nc3 e6 5.Bg5 Be7 6.e3 Nbd7 7.cxd5 cxd5 8.Bd3 
Qc7 9.Rc1 Qb6 10.Qc2 h6 11.Bh4 g5 12.Bg3 g4 13.Nh4 h5 14.O-O Bd6 15.Bxd6 
Qxd6 16.Nb5 Qc6 17.Nc7+ Ke7 18.Nxa8 Qd6 19.Nc7 a6 20.Bf5 Rg8 21.g3 b6 22.
Bd3 b5 23.Qc6 Qxc6 24.Rxc6 Bb7 25.Rc2 Nb6 26.Nxb5 Rb8 27.Na7 Ne4 28.Bxe4 
dxe4 29.Nc6+ Bxc6 30.Rxc6 Nd5 31.Rxa6 Rxb2 32.Rc1 Rb7 33.Ng2 Kf6 34.Nf4 
Nxf4 35.gxf4 Rb5 36.Rc5 Rb1+ 37.Kg2 h4 38.h3 gxh3+ 39.Kxh3 Rh1+ 40.Kg2 Rd1
41.Rh5 Kg6 42.Rxh4 Rc1 43.a4 Ra1 44.a5 Ra2 45.Ra8 Kg7 46.a6 Kf6 47.a7 Ra5 
48.Rhh8 Ra4 49.Rhc8 Ra5 50.Rc7 Rh5 51.Rf8 Rh7 52.Rcxf7+ Rxf7 53.Rxf7+ Kxf7
54.a8=Q 1-0

[Event "V Memorial Corrado Bitti A"]
[Site "Laconi ITA"]
[Date "2005.08.06"]
[Round "1"]
[White "Piga, Antonello"]
[Black "Casti, Alessio"]
[Result "0-1"]
[WhiteElo "1688"]
[BlackElo "2108"]
[PlyCount "96"]
[EventDate "2005.08.06"]

1.e4 c5 2.Nf3 Nc6 3.d4 cxd4 4.Nxd4 Nf6 5.Nc3 d6 6.Bg5 e6 7.Qd2 Be7 8.f4 
O-O 9.O-O-O Nxd4 10.Qxd4 Qa5 11.e5 dxe5 12.Qxe5 Qxe5 13.fxe5 Nd5 14.Bd2 
Rd8 15.Bc4 Nxc3 16.Bxc3 Bd7 17.h4 Bc6 18.Rh2 Bc5 19.Bd3 Be3+ 20.Bd2 Bd4 
21.Bf4 Rd5 22.c4 Bxe5 23.g3 Bxf4+ 24.gxf4 Rd7 25.Rhd2 g6 26.h5 Bf3 27.Be2 
Rxd2 28.Rxd2 Bxe2 29.Rxe2 gxh5 30.Rg2+ Kf8 31.Rg5 Rd8 32.Rxh5 Rd4 33.b3 
Kg7 34.f5 e5 35.f6+ Kxf6 36.Rxh7 Ke6 37.Kc2 e4 38.a4 Rd7 39.Rh3 f5 40.b4 
f4 41.Rh6+ Ke5 42.Rh5+ Kd4 43.Rf5 Ke3 44.Rd5 Rxd5 45.cxd5 f3 46.d6 f2 47.
d7 f1=Q 48.d8=Q Qd3+ 0-1

[Event "V Memorial Corrado Bitti A"]
[Site "Laconi ITA"]
[Date "2005.08.06"]
[Round "1"]
[White "Secci, Gabriele"]
[Black "Ibba, Isacco"]
[Result "0-1"]
[WhiteElo "1721"]
[BlackElo "2197"]
[PlyCount "46"]
[EventDate "2005.08.06"]

1.e4 d6 2.d4 g6 3.Nc3 Bg7 4.f4 Nf6 5.Nf3 O-O 6.Be2 c6 7.h3 Nbd7 8.Be3 Qa5 
9.Qd2 b5 10.Bd3 Nb6 11.Nb1 Qa6 12.a4 Nc4 13.Bxc4 bxc4 14.Nc3 Rb8 15.Rb1 
Nd7 16.b4 cxb3 17.cxb3 Bb7 18.h4 c5 19.h5 cxd4 20.Nxd4 Nc5 21.Ndb5 Bxe4 
22.Nxe4 Nxe4 23.Qc2 Ng3 0-1

[Event "V Memorial Corrado Bitti A"]
[Site "Laconi ITA"]
[Date "2005.08.06"]
[Round "1"]
[White "Setzu, Francesco"]
[Black "Locci, Damiano"]
[Result "0-1"]
[WhiteElo "1631"]
[BlackElo "1901"]
[PlyCount "60"]
[EventDate "2005.08.06"]

1.Nf3 d5 2.d4 Nf6 3.e3 c6 4.Bd3 Bg4 5.Nbd2 e6 6.O-O Nbd7 7.c3 Bd6 8.e4 
dxe4 9.Nxe4 Nxe4 10.Bxe4 Nf6 11.Bc2 O-O 12.Qd3 Bf5 13.Qe2 Bxc2 14.Qxc2 h6 
15.Ne5 Qc7 16.f4 c5 17.Be3 Nd5 18.Qf2 cxd4 19.Bxd4 Nxf4 20.Qxf4 f6 21.Rae1
fxe5 22.Qg4 exd4 23.Qxe6+ Kh8 24.Rxf8+ Rxf8 25.Rd1 Bxh2+ 26.Kh1 dxc3 27.
bxc3 Qe5 28.Qh3 Bg3 29.Qg4 Be1 30.Qc4 Qh5+ 0-1

[Event "V Memorial Corrado Bitti A"]
[Site "Laconi ITA"]
[Date "2005.08.07"]
[Round "2"]
[White "Altea, Giovanni"]
[Black "Caredda, Giuseppe"]
[Result "1-0"]
[WhiteElo "1685"]
[BlackElo "1409"]
[PlyCount "79"]
[EventDate "2005.08.06"]

1.c4 Nf6 2.Nc3 g6 3.e4 d6 4.g3 Bg7 5.Bg2 Nc6 6.Nge2 b6 7.e5 Bb7 8.exf6 
Bxf6 9.O-O O-O 10.d4 e6 11.a3 Rb8 12.Be3 Bg7 13.Rc1 Ne7 14.Bxb7 Rxb7 15.f3
d5 16.cxd5 exd5 17.Qc2 Re8 18.Bf4 c6 19.Na2 Qd7 20.Nb4 Rc8 21.Nd3 Nf5 22.
Ne5 Bxe5 23.dxe5 c5 24.g4 Ng7 25.Bg5 Ne6 26.Bf6 h6 27.Rfd1 Rbc7 28.Qd2 Kh7
29.Qxd5 Qxd5 30.Rxd5 g5 31.Rcd1 c4 32.Nc3 a6 33.Ne4 Nf4 34.Rd6 Rb7 35.Rd8 
Rbc7 36.Rxc8 Rxc8 37.Rd7 Kg6 38.Nd6 Rc6 39.Nxf7 Rc8 40.Nh8+ 1-0

[Event "V Memorial Corrado Bitti A"]
[Site "Laconi ITA"]
[Date "2005.08.07"]
[Round "2"]
[White "Boi, Paolo"]
[Black "Secci, Gabriele"]
[Result "1/2-1/2"]
[WhiteElo "1592"]
[BlackElo "1721"]
[PlyCount "28"]
[EventDate "2005.08.06"]

1.Nf3 Nf6 2.g3 g6 3.Bg2 Bg7 4.d3 d5 5.O-O O-O 6.Re1 c6 7.Nbd2 Qb6 8.c3 Bg4
9.Ne5 Be6 10.d4 Nbd7 11.Nd3 Rac8 12.b3 c5 13.e3 Bf5 14.Nf4 e6 1/2-1/2

[Event "V Memorial Corrado Bitti A"]
[Site "Laconi ITA"]
[Date "2005.08.07"]
[Round "2"]
[White "Casti, Alessio"]
[Black "Maldarelli, Lorenzo"]
[Result "1-0"]
[WhiteElo "2108"]
[BlackElo "1837"]
[PlyCount "131"]
[EventDate "2005.08.06"]

1.e4 c5 2.Nf3 d6 3.d4 cxd4 4.Nxd4 Nf6 5.Nc3 a6 6.Bc4 e6 7.Bb3 b5 8.O-O Be7
9.Qf3 Qc7 10.Qg3 O-O 11.Bh6 Ne8 12.Rfe1 Nc6 13.Nxc6 Qxc6 14.Nd5 Qb7 15.Nf4
Kh8 16.Bg5 Ra7 17.Re3 Bxg5 18.Qxg5 Qe7 19.Qxe7 Rxe7 20.Rd1 Bb7 21.f3 g6 
22.a4 Rd7 23.axb5 axb5 24.Nd3 Rc7 25.Nb4 Kg7 26.Ra1 Nf6 27.Ra5 Rc5 28.Nd3 
Rc7 29.Rxb5 Ra8 30.Nb4 Ra1+ 31.Kf2 Nd7 32.Re1 Rxe1 33.Kxe1 Nc5 34.Ba2 Kf8 
35.Kd2 Na4 36.Nd3 Ke7 37.c4 Nc5 38.b4 Nxd3 39.Kxd3 e5 40.Ra5 f5 41.Bb3 
fxe4+ 42.fxe4 Kd8 43.b5 g5 44.Ra2 Rg7 45.Ke3 Kc7 46.Rf2 Kb6 47.Rf6 Kc5 48.
Kd3 h5 49.Bd1 g4 50.Rh6 Rf7 51.g3 Rf1 52.Be2 Rf2 53.Rxh5 Bxe4+ 54.Ke3 
Rxe2+ 55.Kxe2 Kxc4 56.Rh6 d5 57.b6 d4 58.Rh7 Bf3+ 59.Ke1 Kc3 60.b7 Bxb7 
61.Rxb7 e4 62.Ke2 Kc4 63.Rg7 Kc3 64.Rxg4 d3+ 65.Kd1 e3 66.Re4 1-0

[Event "V Memorial Corrado Bitti A"]
[Site "Laconi ITA"]
[Date "2005.08.07"]
[Round "2"]
[White "Collu, Giuseppe"]
[Black "Mannu, Michele"]
[Result "0-1"]
[WhiteElo "1814"]
[BlackElo "1933"]
[PlyCount "78"]
[EventDate "2005.08.06"]

1.e4 c6 2.d4 d5 3.exd5 cxd5 4.c4 Nf6 5.Nc3 e6 6.Nf3 Be7 7.Bd3 dxc4 8.Bxc4 
Qc7 9.Bb5+ Bd7 10.O-O a6 11.Bxd7+ Nbxd7 12.a3 Nb6 13.Qe2 O-O 14.Ne5 Nbd5 
15.Nxd5 Nxd5 16.f4 Rac8 17.f5 Qc2 18.Qf3 Qa4 19.Kh1 Qxd4 20.Nd7 Ne3 21.
Nxf8 Nxf1 22.fxe6 Rxf8 23.Qxf1 fxe6 24.Qe1 e5 25.h3 e4 26.Rb1 Bc5 27.b4 
Qd3 28.Bb2 Bf2 29.Qd1 Qxd1+ 30.Rxd1 e3 31.Rd7 Re8 32.Rxg7+ Kf8 33.Rxh7 e2 
34.Rh8+ Kf7 35.Rxe8 Kxe8 36.Bc3 e1=Q+ 37.Bxe1 Bxe1 38.g4 b5 39.Kg2 Bc3 0-1

[Event "V Memorial Corrado Bitti A"]
[Site "Laconi ITA"]
[Date "2005.08.07"]
[Round "2"]
[White "Deruda, Leonardo"]
[Black "Artizzu, Giulio"]
[Result "0-1"]
[WhiteElo "1820"]
[BlackElo "2115"]
[PlyCount "72"]
[EventDate "2005.08.06"]

1.Nf3 Nf6 2.g3 g6 3.Bg2 Bg7 4.O-O O-O 5.d3 d6 6.c4 e5 7.Nc3 a5 8.Bg5 h6 9.
Bxf6 Qxf6 10.a3 Na6 11.Nd5 Qd8 12.b4 Be6 13.Rb1 c6 14.Ne3 axb4 15.axb4 d5 
16.Qc2 b5 17.Rfc1 d4 18.Nf1 bxc4 19.dxc4 Bf5 20.Qb3 Bxb1 21.Rxb1 Rb8 22.
Qa4 Qb6 23.N1d2 Nxb4 24.Ne1 c5 25.Nd3 Rfc8 26.Bd5 Rc7 27.Qd1 Ra7 28.Ne4 
Qc7 29.Qb3 Na6 30.Qc2 Nb4 31.Qb3 Nc6 32.Qc2 Ne7 33.Rxb8+ Qxb8 34.Nexc5 
Ra1+ 35.Kg2 Qb1 36.Qxb1 Rxb1 0-1

[Event "V Memorial Corrado Bitti A"]
[Site "Laconi ITA"]
[Date "2005.08.07"]
[Round "2"]
[White "Fenu, Salvatore"]
[Black "Lommers, Frank"]
[Result "0-1"]
[WhiteElo "1844"]
[BlackElo "2204"]
[PlyCount "114"]
[EventDate "2005.08.06"]

1.d4 Nf6 2.Nf3 g6 3.Nbd2 Bg7 4.e4 O-O 5.Bd3 d6 6.c3 Nc6 7.O-O e5 8.dxe5 
dxe5 9.Qc2 Nh5 10.Re1 Nf4 11.Bf1 Bg4 12.h3 Be6 13.b4 Qf6 14.Nc4 Nxh3+ 15.
Kh2 a6 16.a4 Nf4 17.Ne3 g5 18.Nf5 Bxf5 19.exf5 g4 20.Nd2 Ne7 21.g3 Qh6+ 
22.Kg1 Nh3+ 23.Bxh3 gxh3 24.Ne4 Qh5 25.Kh2 Qxf5 26.Bg5 f6 27.Qa2+ Kh8 28.
Bc1 Ng6 29.Qc4 Rad8 30.Ra2 Qf3 31.Kxh3 Rd1 32.Qe2 Qf5+ 33.Kg2 Rxe1 34.Qxe1
Rg8 35.Nc5 Bf8 36.Qe4 Bxc5 37.Qxf5 Nh4+ 38.Kh3 Nxf5 39.bxc5 Rg7 40.Ba3 h5 
41.Re2 Kh7 42.Kg2 Kg6 43.Bb4 Rf7 44.Ba5 c6 45.Rb2 Rd7 46.Rb1 Ng7 47.Re1 
Ne6 48.Bb4 Rd2 49.Kf3 Ra2 50.a5 Nc7 51.Rd1 Nd5 52.Rb1 f5 53.Kg2 e4 54.Kf1 
Rc2 55.Ke1 f4 56.gxf4 h4 57.Kf1 Nxf4 0-1

[Event "V Memorial Corrado Bitti A"]
[Site "Laconi ITA"]
[Date "2005.08.07"]
[Round "2"]
[White "Ibba, Isacco"]
[Black "Figus, Maurizio"]
[Result "1-0"]
[WhiteElo "2197"]
[BlackElo "1877"]
[PlyCount "23"]
[EventDate "2005.08.06"]

1.f4 e5 2.e4 Nf6 3.Nc3 d5 4.fxe5 Nxe4 5.Nf3 Be7 6.d4 O-O 7.Bd3 f5 8.Qe2 c5
9.Nxd5 Be6 10.Bxe4 Bxd5 11.Bxd5+ Qxd5 12.c4 1-0

[Event "V Memorial Corrado Bitti A"]
[Site "Laconi ITA"]
[Date "2005.08.07"]
[Round "2"]
[White "Lai, Silvia"]
[Black "Carta, Francesco"]
[Result "1-0"]
[WhiteElo "1748"]
[BlackElo "1565"]
[PlyCount "63"]
[EventDate "2005.08.06"]

1.e4 c5 2.d3 Nc6 3.g3 Nf6 4.f4 d6 5.Nf3 Bg4 6.Bg2 g6 7.Be3 Bg7 8.c3 b5 9.
Nbd2 e5 10.Qb3 Rb8 11.Ng5 O-O 12.f5 gxf5 13.h3 Na5 14.Qc2 Nh5 15.hxg4 Nxg3
16.gxf5 Nxh1 17.Bxh1 h6 18.Ngf3 Kh7 19.O-O-O Rg8 20.Nf1 Rh8 21.Ng3 Nc6 22.
Qg2 b4 23.Rg1 bxc3 24.Nh5 cxb2+ 25.Kb1 Rg8 26.Ng5+ hxg5 27.Bxg5 Qf8 28.Qh3
Bh6 29.Nf6+ Kh8 30.Nxg8 Qxg8 31.Qxh6+ Qh7 32.Bf6# 1-0

[Event "V Memorial Corrado Bitti A"]
[Site "Laconi ITA"]
[Date "2005.08.07"]
[Round "2"]
[White "Locci, Damiano"]
[Black "Caramia, Antonio"]
[Result "1-0"]
[WhiteElo "1901"]
[BlackElo "1814"]
[PlyCount "83"]
[EventDate "2005.08.06"]

1.e4 c5 2.Nc3 Nc6 3.f4 d6 4.Nf3 a6 5.a4 Qc7 6.Bc4 e6 7.d3 Nf6 8.O-O Be7 9.
h3 b6 10.Be3 Bb7 11.g4 h6 12.Qe1 Na5 13.Ba2 d5 14.exd5 Nxd5 15.Bxd5 exd5 
16.Bd2 O-O-O 17.Ne5 Bd6 18.Qg3 g5 19.Rae1 f6 20.Nf3 gxf4 21.Qf2 h5 22.Nh2 
hxg4 23.hxg4 Qh7 24.Bxf4 Qc7 25.Re6 Bxf4 26.Qxf4 Rde8 27.Qxc7+ Kxc7 28.
Rfxf6 Rxe6 29.Rxe6 d4 30.Ne4 Nc6 31.g5 Nb4 32.Re7+ Kb8 33.g6 Bxe4 34.g7 
Rg8 35.dxe4 Nxc2 36.Rf7 Rxg7+ 37.Rxg7 d3 38.Kf2 b5 39.axb5 axb5 40.Rg5 Nd4
41.Ke3 Ne6 42.Re5 1-0

[Event "V Memorial Corrado Bitti A"]
[Site "Laconi ITA"]
[Date "2005.08.07"]
[Round "2"]
[White "Loi, Francesco"]
[Black "Setzu, Francesco"]
[Result "0-1"]
[WhiteElo "1408"]
[BlackElo "1631"]
[PlyCount "96"]
[EventDate "2005.08.06"]

1.e4 c6 2.Nf3 d5 3.e5 Bg4 4.d4 e6 5.Be2 c5 6.c3 Nc6 7.O-O Qb6 8.b3 Bxf3 9.
Bxf3 cxd4 10.cxd4 Nxd4 11.Be3 Nxf3+ 12.Qxf3 Bc5 13.Bd2 Ne7 14.Nc3 Bd4 15.
Qg3 Ng6 16.Na4 Qc7 17.Rac1 Qxe5 18.Qd3 O-O 19.Kh1 Ne7 20.f4 Qf6 21.g4 g6 
22.Nc5 Bxc5 23.Rxc5 Nc6 24.g5 Qe7 25.Rfc1 Rac8 26.b4 a6 27.a4 Na7 28.Qd4 
Rxc5 29.bxc5 Nc6 30.Qf2 f6 31.h4 e5 32.Re1 e4 33.Bc1 fxg5 34.hxg5 Qxg5 35.
Rg1 Qh5+ 36.Kg2 Qg4+ 37.Kf1 Qf5 38.Rg5 Qxg5 39.fxg5 Rxf2+ 40.Kxf2 Kf7 41.
Bf4 Ke6 42.Ke2 Kf5 43.Bc1 d4 44.Kf2 e3+ 45.Bxe3 dxe3+ 46.Kxe3 Ke5 47.Kd3 
Kd5 48.Kc3 Kxc5 0-1

[Event "V Memorial Corrado Bitti A"]
[Site "Laconi ITA"]
[Date "2005.08.07"]
[Round "2"]
[White "Orzella, Paolo"]
[Black "Piga, Antonello"]
[Result "0-1"]
[WhiteElo "1553"]
[BlackElo "1688"]
[PlyCount "134"]
[EventDate "2005.08.06"]

1.e4 c5 2.Nf3 e6 3.d4 cxd4 4.Nxd4 Nc6 5.Nc3 a6 6.g3 Qb6 7.Nxc6 bxc6 8.Bg2 
Bb4 9.Qd3 a5 10.a3 Ba6 11.Qd2 Be7 12.Qe3 Bc5 13.Qd2 Be7 14.Bf1 Bxf1 15.
Kxf1 Nf6 16.Kg2 O-O 17.Qe2 d6 18.e5 dxe5 19.Qxe5 Qxf2+ 20.Kxf2 Ng4+ 21.Kg2
Nxe5 22.Bf4 Ng6 23.Be3 Rab8 24.Ne4 Bf6 25.Rab1 Ne5 26.b3 Ng4 27.Bb6 Ra8 
28.Nc5 Ne3+ 29.Kf2 Nxc2 30.Nd7 Rfe8 31.Nxf6+ gxf6 32.a4 e5 33.Rbc1 Nb4 34.
Bc5 e4 35.Kg2 Nd3 36.Rcf1 Re6 37.Bd4 Kg7 38.Rf5 c5 39.Rg5+ Kf8 40.Bxc5+ 
Nxc5 41.Rxc5 Rb6 42.Re1 Re6 43.Re3 Kg7 44.Rf5 Kg6 45.g4 Re5 46.Rxe5 fxe5 
47.Rxe4 f6 48.b4 axb4 49.Rxb4 Ra5 50.h4 Rd5 51.Kf3 Rd3+ 52.Ke4 Rg3 53.Kd5 
h5 54.gxh5+ Kxh5 55.a5 Ra3 56.Rb5 Kxh4 57.Kc6 e4 58.Kb6 e3 59.Rb4+ Kg3 60.
a6 f5 61.Rb5 f4 62.a7 e2 63.Ra5 Rxa5 64.Kxa5 e1=Q+ 65.Kb6 Qb4+ 66.Ka6 Qa3+
67.Kb7 Qxa7+ 0-1

[Event "V Memorial Corrado Bitti A"]
[Site "Laconi ITA"]
[Date "2005.08.07"]
[Round "2"]
[White "Pais, Mario"]
[Black "Biondelli, Marco"]
[Result "1-0"]
[WhiteElo "1720"]
[BlackElo "1538"]
[PlyCount "31"]
[EventDate "2005.08.06"]

1.e4 e5 2.d4 exd4 3.Nf3 Nc6 4.Bc4 Nf6 5.e5 Ne4 6.O-O Nc5 7.Nxd4 Nxd4 8.
Qxd4 Be7 9.Nc3 c6 10.Qg4 g6 11.Qf3 Ne6 12.Bxe6 dxe6 13.Bh6 Bd7 14.Ne4 Bf6 
15.Nxf6+ Ke7 16.Qa3+ 1-0

[Event "V Memorial Corrado Bitti A"]
[Site "Laconi ITA"]
[Date "2005.08.07"]
[Round "3"]
[White "Artizzu, Giulio"]
[Black "Locci, Damiano"]
[Result "1-0"]
[WhiteElo "2115"]
[BlackElo "1901"]
[PlyCount "79"]
[EventDate "2005.08.06"]

1.e4 d5 2.exd5 Qxd5 3.Nc3 Qa5 4.d4 Nf6 5.Bc4 Bf5 6.Nf3 e6 7.Bd2 c6 8.Nd5 
Qd8 9.Nxf6+ gxf6 10.c3 Bd6 11.Nh4 Bg6 12.Qf3 Nd7 13.O-O-O Qc7 14.Nxg6 hxg6
15.h4 O-O-O 16.h5 gxh5 17.Rxh5 Rxh5 18.Qxh5 Nb6 19.Bb3 c5 20.Be3 c4 21.Bc2
Nd5 22.Be4 Bf4 23.Bxd5 Bxe3+ 24.fxe3 Rxd5 25.Qh8+ Qd8 26.Qg7 Qe7 27.Rh1 
Rg5 28.Rh8+ Kc7 29.Qh6 Rxg2 30.Qf4+ Kb6 31.Qf1 Rg3 32.Qxc4 Rg1+ 33.Kc2 
Rg2+ 34.Kb3 Rg3 35.a4 a6 36.a5+ Kxa5 37.Re8 Qd6 38.Rd8 Qe7 39.Rd7 Qf8 40.
Rxb7 1-0

[Event "V Memorial Corrado Bitti A"]
[Site "Laconi ITA"]
[Date "2005.08.07"]
[Round "3"]
[White "Biondelli, Marco"]
[Black "Loi, Francesco"]
[Result "1-0"]
[WhiteElo "1538"]
[BlackElo "1408"]
[PlyCount "105"]
[EventDate "2005.08.06"]

1.d4 d5 2.c4 c6 3.cxd5 cxd5 4.Nc3 e6 5.Nf3 a6 6.Qc2 Nc6 7.a3 Nf6 8.Bg5 Be7
9.e3 b5 10.Nxb5 axb5 11.Qxc6+ Bd7 12.Qc2 Qa5+ 13.Nd2 Rc8 14.Qd3 h6 15.Bxf6
Bxf6 16.Be2 Qb6 17.O-O Ke7 18.Rac1 Ra8 19.Nb3 g5 20.Nc5 Bc6 21.Rc3 Qc7 22.
Rfc1 Rac8 23.e4 dxe4 24.Nxe4 Qb7 25.Nxf6 Kxf6 26.Bf3 Bxf3 27.Qxf3+ Qxf3 
28.Rxf3+ Ke7 29.Rfc3 Kd7 30.Rxc8 Rxc8 31.Rxc8 Kxc8 32.Kf1 Kc7 33.Ke2 f5 
34.g3 Kd6 35.Kd3 Kd5 36.f3 e5 37.dxe5 Kxe5 38.b3 Kd5 39.a4 b4 40.a5 Kc5 
41.a6 Kb6 42.a7 Kxa7 43.Kc4 Kb6 44.Kxb4 h5 45.Kc4 g4 46.f4 Kc6 47.Kd4 Kd6 
48.b4 Kc6 49.Ke5 Kb5 50.Kxf5 Kxb4 51.Kg6 Kc5 52.f5 Kd6 53.f6 1-0

[Event "V Memorial Corrado Bitti A"]
[Site "Laconi ITA"]
[Date "2005.08.07"]
[Round "3"]
[White "Caramia, Antonio"]
[Black "Altea, Giovanni"]
[Result "1-0"]
[WhiteElo "1814"]
[BlackElo "1685"]
[PlyCount "119"]
[EventDate "2005.08.06"]

1.e4 c6 2.d4 d5 3.Nc3 dxe4 4.Nxe4 Bf5 5.Ng3 Bg6 6.Nf3 Nd7 7.Bc4 e6 8.Qe2 
Be7 9.h4 h5 10.Ng5 Bxg5 11.Bxg5 Ngf6 12.O-O-O O-O 13.f3 b5 14.Bd3 Bxd3 15.
Rxd3 Qc7 16.Ne4 Nd5 17.g4 Nf4 18.Bxf4 Qxf4+ 19.Kb1 f5 20.Ng5 Rae8 21.Nxe6 
Qd6 22.gxf5 Rxf5 23.Re3 Rf6 24.Re1 Nf8 25.Nxf8 Rxe3 26.Qxe3 Qxf8 27.Rf1 
Qf7 28.b3 Rf4 29.Qc3 Qd5 30.Qe3 Rxh4 31.Qe8+ Kh7 32.Rg1 Qd6 33.Qf7 Qf6 34.
Qe8 Rh2 35.Qe4+ g6 36.Re1 h4 37.Qe8 Qxf3 38.Re7+ Kh6 39.Qh8+ Kg5 40.Qe5+ 
Kh6 41.Qxh2 Qd1+ 42.Kb2 Qxd4+ 43.c3 Qf6 44.Qd2+ Kh5 45.Rh7+ Kg4 46.Qg2+ 
Kf5 47.Qf2+ Ke6 48.Qxf6+ Kxf6 49.Rxh4 g5 50.Rh1 g4 51.Kc2 Kf5 52.Kd3 Kf4 
53.Kd4 g3 54.Kc5 Ke3 55.Kxc6 Kd3 56.Rh3 Kxc3 57.Rxg3+ Kb4 58.Rg4+ Ka5 59.
b4+ Ka6 60.Kc5 1-0

[Event "V Memorial Corrado Bitti A"]
[Site "Laconi ITA"]
[Date "2005.08.07"]
[Round "3"]
[White "Caredda, Giuseppe"]
[Black "Orzella, Paolo"]
[Result "0-1"]
[WhiteElo "1409"]
[BlackElo "1553"]
[PlyCount "92"]
[EventDate "2005.08.06"]

1.d4 d5 2.c4 e6 3.Nf3 Nf6 4.Bg5 Be7 5.Nc3 c6 6.e3 Nbd7 7.Bd3 O-O 8.O-O a6 
9.a4 dxc4 10.Bxc4 b5 11.axb5 cxb5 12.Bxb5 Bb7 13.Bd3 Qb6 14.Na4 Qb4 15.Ra3
Bxf3 16.Qxf3 Qa5 17.Raa1 Qd8 18.Rfd1 h6 19.Bf4 Nd5 20.Bxh6 gxh6 21.Qg4+ 
Kh8 22.Qh5 Kg7 23.Re1 Rg8 24.e4 N5f6 25.Qh3 Bb4 26.Re3 Kf8 27.Qxh6+ Ke7 
28.e5 Nd5 29.Rf3 Qf8 30.Qc1 Rc8 31.Qd1 Qh6 32.Bxa6 Rc7 33.Bb5 Nf4 34.Rg3 
Rxg3 35.fxg3 Nd5 36.h3 Qe3+ 37.Kh2 Qf2 38.Qf1 Qxd4 39.Bxd7 Rxd7 40.Qe2 Ne3
41.Qh5 Qd2 42.Qf3 Rd3 43.Qb7+ Rd7 44.Qf3 Qd4 45.Qf6+ Ke8 46.h4 Ng4+ 0-1

[Event "V Memorial Corrado Bitti A"]
[Site "Laconi ITA"]
[Date "2005.08.07"]
[Round "3"]
[White "Carta, Francesco"]
[Black "Boi, Paolo"]
[Result "1/2-1/2"]
[WhiteElo "1565"]
[BlackElo "1592"]
[PlyCount "80"]
[EventDate "2005.08.06"]

1.e4 c6 2.d4 d5 3.Nc3 dxe4 4.Nxe4 Bf5 5.Ng3 Bg6 6.h4 h6 7.Nf3 Nd7 8.h5 Bh7
9.Bf4 e6 10.Bd3 Bxd3 11.Qxd3 Ngf6 12.c4 Bb4+ 13.Kf1 O-O 14.Rd1 Rc8 15.Ne4 
Nxe4 16.Qxe4 Nf6 17.Qe3 Bd6 18.Ne5 Qe7 19.Qg3 Ne4 20.Qg4 Nf6 21.Qf3 Nd7 
22.Rh3 Bxe5 23.dxe5 Rcd8 24.Rg3 Qc5 25.Bxh6 Qxc4+ 26.Kg1 Nxe5 27.Rxg7+ Kh8
28.Qf6 Rxd1+ 29.Kh2 Nf3+ 30.Qxf3 Qh4+ 31.Qh3 Qxh3+ 32.gxh3 Rd5 33.Rg4 Rg8 
34.Be3 Rxh5 35.Rf4 Rf5 36.Rh4+ Kg7 37.Rg4+ Kh7 38.Rh4+ Kg6 39.Rg4+ Kh7 40.
Rh4+ Kg6 1/2-1/2

[Event "V Memorial Corrado Bitti A"]
[Site "Laconi ITA"]
[Date "2005.08.07"]
[Round "3"]
[White "Figus, Maurizio"]
[Black "Lai, Silvia"]
[Result "1/2-1/2"]
[WhiteElo "1877"]
[BlackElo "1748"]
[PlyCount "47"]
[EventDate "2005.08.06"]

1.e4 d5 2.exd5 Qxd5 3.Nc3 Qd6 4.d4 Nf6 5.Nf3 a6 6.g3 Bg4 7.Bg2 e6 8.O-O 
Be7 9.Bf4 Qd8 10.h3 Bh5 11.g4 Bg6 12.Re1 c6 13.Qe2 Nbd7 14.Rad1 Nd5 15.
Nxd5 cxd5 16.c4 Be4 17.cxd5 Bxd5 18.Ne5 Nb6 19.Bg3 O-O 20.Rc1 Bxg2 21.Kxg2
Qd5+ 22.Qf3 Rac8 23.Qxd5 Nxd5 24.h4 1/2-1/2

[Event "V Memorial Corrado Bitti A"]
[Site "Laconi ITA"]
[Date "2005.08.07"]
[Round "3"]
[White "Lommers, Frank"]
[Black "Casti, Alessio"]
[Result "1-0"]
[WhiteElo "2204"]
[BlackElo "2108"]
[PlyCount "59"]
[EventDate "2005.08.06"]

1.d4 d5 2.Nf3 Nf6 3.c4 e6 4.Bg5 dxc4 5.Qa4+ Nbd7 6.e4 h6 7.Bxf6 Qxf6 8.
Nbd2 c6 9.Qxc4 e5 10.d5 Bc5 11.Rc1 cxd5 12.exd5 Qb6 13.Qh4 O-O 14.Bc4 Nf6 
15.O-O Re8 16.b4 Bd6 17.Rfe1 Bf5 18.Bb3 Qxb4 19.Rc4 Qa5 20.Ra4 Qc5 21.g4 
Bd3 22.g5 hxg5 23.Qxg5 b5 24.Ra6 Nxd5 25.Ne4 Bxe4 26.Rxe4 Nf6 27.Qg6 Re7 
28.Ng5 Rf8 29.Rh4 Re6 30.Nxf7 1-0

[Event "V Memorial Corrado Bitti A"]
[Site "Laconi ITA"]
[Date "2005.08.07"]
[Round "3"]
[White "Maldarelli, Lorenzo"]
[Black "Pais, Mario"]
[Result "1/2-1/2"]
[WhiteElo "1837"]
[BlackElo "1720"]
[PlyCount "87"]
[EventDate "2005.08.06"]

1.d4 Nf6 2.c4 e6 3.Nc3 d5 4.Bg5 dxc4 5.e4 Be7 6.Bxf6 Bxf6 7.e5 Be7 8.Bxc4 
Nd7 9.Nge2 Nb6 10.Bb3 Bb4 11.O-O O-O 12.a3 Be7 13.Rc1 Bd7 14.Qd3 c6 15.
Rcd1 Nd5 16.Bc2 g6 17.f4 f5 18.Nxd5 cxd5 19.Rf3 Qb6 20.Qb3 Qxb3 21.Bxb3 
Rac8 22.Kf2 Kg7 23.Kf1 Bd8 24.Kf2 Ba5 25.Ke3 Bb5 26.Rff1 Rc7 27.Rc1 Rfc8 
28.Rxc7+ Rxc7 29.Rc1 Bxe2 30.Rxc7+ Bxc7 31.Kxe2 Kf7 32.Kd3 Ke7 33.Ba4 a6 
34.b4 a5 35.Kc3 g5 36.g3 g4 37.Bb5 h6 38.Bf1 Kd7 39.Bb5+ Ke7 40.Be2 Kd7 
41.Bd1 Ke7 42.Ba4 Bb6 43.Bb5 Bc7 44.Ba4 1/2-1/2

[Event "V Memorial Corrado Bitti A"]
[Site "Laconi ITA"]
[Date "2005.08.07"]
[Round "3"]
[White "Mannu, Michele"]
[Black "Ibba, Isacco"]
[Result "0-1"]
[WhiteElo "1933"]
[BlackElo "2197"]
[PlyCount "80"]
[EventDate "2005.08.06"]

1.Nf3 d5 2.g3 Nc6 3.Bg2 e5 4.d3 Bg4 5.h3 Be6 6.O-O f6 7.Nbd2 Qd7 8.Kh2 g5 
9.c3 h5 10.e4 d4 11.cxd4 exd4 12.e5 g4 13.exf6 gxf3 14.Qxf3 O-O-O 15.b4 
Bg4 16.Qf4 Bd6 17.Qg5 Qf5 18.Ne4 Qxg5 19.Bxg5 Bf5 20.f7 Bxe4 21.Bxd8 Bxg2 
22.Rfe1 Bd5 23.fxg8=Q Rxg8 24.Bf6 Rf8 25.b5 Rxf6 26.bxc6 Rxf2+ 27.Kg1 Rg2+
28.Kf1 bxc6 29.Re8+ Kd7 30.Rh8 Bxg3 31.Rh7+ Ke6 32.Rxh5 Kf6 33.Rb1 Bf3 34.
Rh8 Bd6 35.Rbb8 Ke5 36.h4 Rxa2 37.h5 Be2+ 38.Kg1 Bxd3 39.h6 Kf5 40.h7 Bh2+
0-1

[Event "V Memorial Corrado Bitti A"]
[Site "Laconi ITA"]
[Date "2005.08.07"]
[Round "3"]
[White "Pes, Francesco"]
[Black "Fenu, Salvatore"]
[Result "0-1"]
[WhiteElo "1763"]
[BlackElo "1844"]
[PlyCount "110"]
[EventDate "2005.08.06"]

1.d4 f5 2.c4 e6 3.Nf3 Nf6 4.Nc3 Bb4 5.g3 O-O 6.Bg2 Ne4 7.Qc2 d6 8.O-O Bxc3
9.bxc3 Nd7 10.Nd2 Nxd2 11.Bxd2 e5 12.e4 f4 13.Qd3 Qf6 14.gxf4 exf4 15.f3 
Kh8 16.Kh1 Qh4 17.Qe2 Qf6 18.a4 a5 19.Bh3 Re8 20.Bxd7 Bxd7 21.Qg2 Re7 22.
Rg1 Rf8 23.Qg5 Qxg5 24.Rxg5 b6 25.c5 dxc5 26.dxc5 h6 27.Rd5 Bc6 28.Rh5 Rd7
29.Ra2 Kh7 30.Re5 Rd3 31.Kg2 Bxa4 32.cxb6 cxb6 33.Be1 Bd1 34.Rf2 Rf6 35.
Rd5 Rg6+ 36.Kf1 Rxd5 37.exd5 Bb3 38.Rd2 Rd6 39.Rb2 b5 40.Kg2 a4 41.Rd2 
Rxd5 42.Rxd5 Bxd5 43.Bd2 g5 44.h4 Kg6 45.hxg5 hxg5 46.Bc1 Kf5 47.Kf2 Bc4 
48.Ba3 g4 49.fxg4+ Kxg4 50.Bc1 Kf5 51.Kf3 Bd5+ 52.Kf2 Ke4 53.Ke2 f3+ 54.
Kd2 Bc4 55.Ke1 Kd3 0-1